Vývoj fiškálnej nerovnováhy a jej prehlbovanie v kontexte ekonomickej krízy
Deficitný sklon verejných financií. Vývoj deficitu/prebytku v EÚ-27 a EA-17 v rokoch 1995 - 2010. Prehlbovanie dlhodobej fiškálnej nerovnováhy. Vývoj hrubého dlhu verejnej správy v % HDP v krajinách EÚ. Súčasné tendencie a udržateľnosť verejných financií.
Gespeichert in:
| 1. Verfasser: | |
|---|---|
| Format: | Buchkapitel |
| Sprache: | Slowakisch |
| Schlagworte: | |
| Tags: |
Keine Tags, Fügen Sie das erste Tag hinzu!
|
MARC
| LEADER | 00000nla$a2200000$$$4500 | ||
|---|---|---|---|
| 001 | 0150513 | ||
| 005 | 20231121083515.5 | ||
| 041 | 0 | |a slo | |
| 044 | |a SK | ||
| 245 | 1 | 0 | |a Vývoj fiškálnej nerovnováhy a jej prehlbovanie v kontexte ekonomickej krízy |c Lucia Mihoková |
| 520 | |a Deficitný sklon verejných financií. Vývoj deficitu/prebytku v EÚ-27 a EA-17 v rokoch 1995 - 2010. Prehlbovanie dlhodobej fiškálnej nerovnováhy. Vývoj hrubého dlhu verejnej správy v % HDP v krajinách EÚ. Súčasné tendencie a udržateľnosť verejných financií. | ||
| 610 | 2 | 0 | |a kríza hospodárska |
| 610 | 2 | 0 | |a politika fiškálna |
| 610 | 2 | 0 | |a financie verejné |
| 610 | 2 | 0 | |a nerovnováha hospodárska |
| 610 | 2 | 0 | |a politika rozpočtová |
| 100 | 1 | |a Mihóková, Lucia | |